[Event "ROM-ch U12"]
[Site "Calimanesti Caciulata"]
[Date "2016.04.22"]
[Round "6"]
[White "Saulescu, Ioan Alexandru"]
[Black "Vasiloiu, Adrian Mihai"]
[Result "1-0"]
[WhiteElo "1327"]
[BlackElo "1549"]
[PlyCount "129"]
[EventDate "2016.04.18"]
[EventType "swiss"]
[EventRounds "9"]
[EventCountry "ROU"]
[SourceTitle "CBM 172 Extra"]
[Source "ChessBase"]
[SourceDate "2016.06.21"]
[SourceVersion "1"]
[SourceVersionDate "2016.06.21"]
[SourceQuality "1"]

1. f4 e5 2. d3 exf4 3. Bxf4 d5 4. d4 Bd6 5. Bxd6 Qxd6 6. Nf3 Nc6 7. e3 Bg4 8. Be2 Nf6 9. 0-0 0-0 10. Qd3 Rfe8 11. Nc3 a6 12. Rae1 Ne4 13. Nh4 Bxe2 14. Nxe2 Nb4 15. Qd1 Qh6 16. Nf5 Qg5 17. a3 Nc6 18. Qd3 Ne7 19. Nfg3 Ng6 20. Rf5 Qd8 21. Nxe4 dxe4 22. Qb3 Re7 23. Ref1 Qe8 24. Nc3 c6 25. d5 Rd7 26. Qc4 cxd5 27. Rxd5 Rc8 28. Qb3 Rcd8 29. Rfd1 Ne5 30. Nxe4 Ng4 31. Rxd7 Rxd7 32. Rxd7 Qxd7 33. Qd3 Qxd3 34. cxd3 Nxe3 35. Nc5 Nd1 36. b3 Nb2 37. d4 b6 38. Nxa6 Kf8 39. Nc7 Nd3 40. Kf1 Nc1 41. b4 Nb3 42. Nb5 Ke7 43. Ke2 Kd7 44. Kd3 Kc6 45. Nc3 f5 46. Kc4 Nd2+ 47. Kd3 Nf1 48. b5+ Kd6 49. h3 g5 50. Na4 Kc7 51. d5 Ng3 52. Kd4 Ne2+ 53. Ke5 Nf4 54. d6+ Kb7 55. Kxf5 Nxg2 56. Kxg5 Ne3 57. Kf6 Nd5+ 58. Ke6 Nf4+ 59. Ke7 Nd5+ 60. Kd8 Nf6 61. Nc3 h5 62. h4 Ng8 63. Ne4 Nh6 64. Ke8 Ng8 65. d7 1-0

[Event "ROM-ch U12"]
[Site "Calimanesti"]
[Date "2015.04.02"]
[Round "4"]
[White "Vasiloiu, Adrian Mihai"]
[Black "Mintau, Andrei Catalin"]
[Result "0-1"]
[WhiteElo "1522"]
[BlackElo "1615"]
[PlyCount "86"]
[EventDate "2015.03.30"]
[EventType "swiss"]
[EventRounds "9"]
[EventCountry "ROU"]
[SourceTitle "CBM 165 Extra"]
[Source "ChessBase"]
[SourceDate "2015.04.21"]
[SourceVersion "1"]
[SourceVersionDate "2015.04.21"]
[SourceQuality "1"]

1. d4 d5 2. Nf3 Nf6 3. e3 Bg4 4. Be2 e6 5. Ne5 Bxe2 6. Qxe2 Bd6 7. f4 0-0 8. Nd2 Ne4 9. 0-0 f5 10. Qh5 Rf6 11. Ndf3 Bxe5 12. Nxe5 Nd7 13. Qf3 Nxe5 14. dxe5 Rg6 15. b3 Qh4 16. Rd1 Rh6 17. h3 Rg6 18. Kh2 Rg3 19. Qf1 Rxh3+ 20. gxh3 Qg3+ 21. Kh1 Nf2+ 22. Qxf2 Qxf2 23. Rg1 Qxc2 24. Ba3 Qf2 25. Raf1 Qxe3 26. Kh2 d4 27. Rg3 Qe2+ 28. Kg1 d3 29. Rg2 Qe3+ 30. Rgf2 d2 31. Rd1 Qg3+ 32. Kf1 Qxh3+ 33. Ke2 Qg4+ 34. Rf3 Rd8 35. Bb4 Qg2+ 36. Rf2 Qe4+ 37. Kf1 Qxb4 38. Kg2 Qc3 39. Rff1 Qe3 40. b4 Qe2+ 41. Kg1 Rd3 42. b5 Rg3+ 43. Kh1 Qg2# 0-1

[Event "ROM-ch U10"]
[Site "Calimanesti"]
[Date "2014.04.13"]
[Round "9"]
[White "Vasiloiu, Adrian Mihai"]
[Black "Maties, Andrei"]
[Result "0-1"]
[WhiteElo "1509"]
[BlackElo "1330"]
[PlyCount "140"]
[EventDate "2014.04.06"]
[EventType "swiss"]
[EventRounds "9"]
[EventCountry "ROU"]
[SourceTitle "CBM 160 Extra"]
[Source "ChessBase"]
[SourceDate "2014.07.01"]
[SourceVersion "1"]
[SourceVersionDate "2014.07.01"]
[SourceQuality "1"]

1. e4 d6 2. d4 Nd7 3. Nf3 e5 4. Bc4 h6 5. Nc3 Ngf6 6. 0-0 Be7 7. a4 0-0 8. b3 c6 9. Bb2 Qc7 10. Re1 exd4 11. Nxd4 Ne5 12. Be2 a5 13. f4 Ng6 14. Qd2 d5 15. e5 Nd7 16. Kh1 Nc5 17. Bf1 f6 18. exf6 Bxf6 19. g3 Bxd4 20. Qxd4 b6 21. Bg2 Ne6 22. Qd3 Ne7 23. Re3 d4 24. Rxe6 Bxe6 25. Qxd4 Rad8 26. Qe3 Bd5 27. Nxd5 Nxd5 28. Qe6+ Kh8 29. Qg6 Kg8 30. Be4 Nf6 31. Bf5 Qf7 32. Re1 Rfe8 33. Rf1 Qxg6 34. Bxg6 Re2 35. Bd3 Re7 36. h3 Kf7 37. g4 Nd5 38. g5 Re3 39. Kh2 Nb4 40. Bc4+ Kg6 41. Rg1 Rd2+ 42. Rg2 Rxg2+ 43. Kxg2 Nxc2 44. gxh6 gxh6 45. Kf2 Rxh3 46. Ke2 Rh2+ 47. Kd3 Nb4+ 48. Kc3 Rc2+ 49. Kd4 Rxb2 50. Ke4 h5 51. f5+ Kg5 52. f6 Rf2 53. f7 Nd5 54. Ke5 Kg6 55. Bd3+ Kg7 56. Be4 Rxf7 57. Bxd5 cxd5 58. Kxd5 h4 59. Kc6 h3 60. Kxb6 h2 61. Kxa5 h1Q 62. b4 Qa8+ 63. Kb5 Rb7+ 64. Kc4 Qc8+ 65. Kb3 Qe6+ 66. Kc3 Qa6 67. Kb3 Qd3+ 68. Ka2 Rxb4 69. a5 Qa6 70. Ka1 Qxa5# 0-1

[Event "ROM-ch U10"]
[Site "Calimanesti"]
[Date "2014.04.11"]
[Round "7"]
[White "Vasiloiu, Adrian Mihai"]
[Black "Arsinoaia, Ioan Alexandru"]
[Result "1-0"]
[WhiteElo "1509"]
[BlackElo "1288"]
[PlyCount "35"]
[EventDate "2014.04.06"]
[EventType "swiss"]
[EventRounds "9"]
[EventCountry "ROU"]
[SourceTitle "CBM 160 Extra"]
[Source "ChessBase"]
[SourceDate "2014.07.01"]
[SourceVersion "1"]
[SourceVersionDate "2014.07.01"]
[SourceQuality "1"]

1. e4 e5 2. Nf3 Nc6 3. Bb5 d6 4. 0-0 Nf6 5. Re1 Bd7 6. c3 a6 7. Ba4 Ne7 8. Bb3 Bc6 9. Bc2 Ng6 10. d4 Be7 11. Nbd2 0-0 12. Nf1 Qd7 13. Qd3 Bxe4 14. Rxe4 Nxe4 15. Qxe4 c6 16. dxe5 dxe5 17. Nxe5 Nxe5 18. Qxh7# 1-0

[Event "ROM-ch U10"]
[Site "Calimanesti"]
[Date "2013.04.03"]
[Round "3"]
[White "Bonciu, David"]
[Black "Vasiloiu, Adrian Mihai"]
[Result "1/2-1/2"]
[WhiteElo "1448"]
[BlackElo "1324"]
[PlyCount "88"]
[EventDate "2013.04.02"]
[EventType "swiss"]
[EventRounds "9"]
[EventCountry "ROU"]
[SourceTitle "CBM 153 Extra"]
[Source "ChessBase"]
[SourceDate "2013.04.22"]
[SourceVersion "1"]
[SourceVersionDate "2013.04.22"]
[SourceQuality "1"]

1. e4 c6 2. d4 d5 3. e5 c5 4. c3 e6 5. Nf3 Nc6 6. Bd3 Qb6 7. Bc2 Nge7 8. Nbd2 cxd4 9. cxd4 Nxd4 10. Ba4+ Ndc6 11. 0-0 Nf5 12. Nb3 Be7 13. Nbd4 0-0 14. Nxf5 exf5 15. Qxd5 Be6 16. Qb5 Qxb5 17. Bxb5 Rac8 18. Be3 a6 19. Bxc6 Rxc6 20. Nd4 Rc7 21. Nxe6 fxe6 22. Rac1 Rfc8 23. f3 Rxc1 24. Rxc1 Rxc1+ 25. Bxc1 Kf8 26. Kf2 Bc5+ 27. Ke2 Ke7 28. a3 b5 29. b4 Bg1 30. h3 Bh2 31. f4 Bg1 32. g4 g6 33. Be3 Bxe3 34. Kxe3 Kd7 35. Kd4 Kc6 36. g5 Kb6 37. Kc3 Kc6 38. Kd4 Kb6 39. Kc3 Kc6 40. Kd4 Kb6 41. Kc3 Kc6 42. Kd4 Kb6 43. Kc3 Kc6 44. Kd4 Kb6 1/2-1/2